| 000 | 00374nam a2200157Ia 4500 | ||
|---|---|---|---|
| 008 | 151213s9999 xx 000 0 und d | ||
| 100 | _aKotler | ||
| 245 |
_aPrinciples of marketing _cKotler |
||
| 250 | _a11th | ||
| 260 |
_aNew Delhi _bPrentice Hall of India _c2003 |
||
| 300 | _a2437 p. | ||
| 650 | _aMarketing | ||
| 650 | _aMarketing | ||
| 700 | _aKotler | ||
| 999 |
_c1696 _d1696 |
||